Etats américains avec photos !!! - Statistiques

Statistiques générales
  • Ce quiz a été pris 70 fois
    42 depuis la dernière actualisation
  • Le résultat moyen est 11 sur 16
Statistiques - réponses
Par images Réponse % Correct
Californie
94%
New York
94%
Washington
94%
Floride
91%
Alaska
78%
Nevada
78%
Arizona
69%
Colorado
69%
Texas
69%
Utah
63%
Illinois
59%
Oregon
56%
Hawai
50%
Dakota du Sud
47%
Montana
47%
District de Columbia
3%
Aucun quiz correspondant
Distribution des résultats
% des personnes avec chaque résultat
Percentile par nombre de réponses
Votre historique - résultats
Vous n’avez pas pris ce quiz depuis la dernière actualisation